| 000 | 00497nam a2200217Ia 4500 | ||
|---|---|---|---|
| 008 | 210210b2014 xxu||||| |||| 00| 0 eng d | ||
| 020 | _a9780349134284 | ||
| 041 | _aeng | ||
| 082 | _a813.6 CELE | ||
| 100 | _aCELESTE (N G) | ||
| 245 | _aEverything i never told you | ||
| 260 |
_aLondon _bBlackfriars _c2014 |
||
| 300 | _avi,297 | ||
| 650 | _ayou | ||
| 650 | _atold | ||
| 650 | _anever | ||
| 650 | _ai | ||
| 650 | _aEverything | ||
| 690 | _aAmerican English Fiction | ||
| 906 | _a074079 | ||
| 999 |
_c123848 _d123848 |
||